000 00572nam a2200241Ia 4500
003 OSt
005 20221005122332.0
006 a|||||r|||| 00| 0
007 ta
008 221004b |||||||| |||| 00| 0 tel d
024 _a39821
037 _cTextual
040 _aCRL
_cCRL
_btel
041 _2tel
_atel
082 _aY1:351:g, 35N0
100 _aLakshmi
_971092
245 0 _aJanapa vijnaane
260 _c1990
300 _a183p.
_ccm.
650 _aCULTURE
942 _hY1:351:g, 35N0
_cTEXL
_2cc
999 _c1043966
_d1043966